00949cam a2200277 a 4500001000500000005001700005020001500022040002300037050001900060082000800079100003000087245007800117250004700195260003600242300005700278490001700335505000800352520014100360521002000501521002000521650004000541650001900581650002200600650001600622700003300638292620250825132426.0 a0439192765 aDLCcDLCdDLCbeng00aQM27.S94b199900a6111 aSweeney, Joand1930-2017.10aMe and my amazing body /cby Joan Sweeney ; illustrated by Annette Cable. aFirst Scholastic printing, September 2000  aNew York :bScholastic , c1999 a27 unnumbered pages :bcolor illustrations ;c24 cm. a Me... books aO  aA girl describes how her skin, bones, muscles, brain, blood, heart, lungs, and stomach receive energy and function as parts of her body. a620 bLexile  aO bRaz-Plus  0aHuman anatomyvJuvenile literature. 1aHuman anatomy. 1aHuman physiology. 1aHuman body.1 aCable, Annetteeillustrator